Responses for Show #7895 - Friday, December 28, 2018

Contestants

[<< previous game]

James Rodrigues, a filmmaker from New York, New York

Greg Frost, a communications director from San Diego, California

Kathryn Kienholz, a retired CPA from Milltown, Wisconsin (whose 1-day cash winnings total $22,000)

[next game >>]

Jeopardy! Round responses

NOT QUITE OSCAR-NOMINATED FILMS
BOY STORY
THE BEER HUNTER
APOCALYPSE THEN
CENTS OF A WOMAN
GET "IN"
(Alex: And each correct response will begin with those two letters of the alphabet.)
    $200 6
Speed

Kathryn
    $200 7
(Kathryn: Who is Kim?)

Mowgli

KathrynJames
    $200 12
(Kathryn: What is Amstel?)

Heineken

KathrynJames
    $200 28
Nagasaki

Kathryn
    $200 1
Susan B. Anthony

Kathryn
    $200 13
the presidential inauguration

Kathryn
    $400 8
Catwoman

James
    $400 16
Ready Player One

Triple Stumper
    $400 14
Budweiser

James
    $400 20
Exodus

James
    $400 2
Jane Austen

Greg
    $400 22
inadmissible

Kathryn
    $600 9
Steven Seagal

James
    $600 17
(Alex: Correct, Dickens.)

Great Expectations

James
    $600 15
Michael Jackson

James
    $600 21
smog (or fog)

Kathryn
    $600 3
Mother Teresa

Kathryn
    $600 23
incarcerate

Greg
    $800 10
Baywatch

Triple Stumper
    $800 18
Wonder

Triple Stumper
    $800 29
(Kathryn: What is South Africa?)
...
[The end-of-round signal sounds.]

Denmark

KathrynJames
    $800 26
pogroms

Kathryn
    $1,000 4
Sacagawea

Kathryn
    $800 24
(Kathryn: Ahh. [Chuckles])
(Alex: Way to go.)

inane

Kathryn
    $1000 11
Police Academy

Greg
    $1000 19
About a Boy

James
    $1000 27
Syria

Greg
    $1000 5
(Benazir) Bhutto

Greg
    $1000 25
(Alex: With less than a minute to deal with the five clues.)

inalienable

James

Scores at the first commercial break (after clue 15):

Kathryn Greg James
$1,800 $2,400 $2,400

Scores at the end of the Jeopardy! Round:

Kathryn Greg James
$3,800 $4,000 $6,200

Double Jeopardy! Round responses

ALTERED CARBON
MYTHOLOGY
MY BAD!
THE GULF BETWEEN THEM
TOP 40 COUNTDOWN
ABORIGINAL WORDS
    $400 16
carbon monoxide

Kathryn
    $400 6
(King) Midas

Greg
    $400 11
the Big Bang

Kathryn
    $400 28
Gulf of Mexico

Kathryn
    $400 21
(Kathryn: What is margarita time?)

Five O'Clock

KathrynJames
    $400 1
boomerang

James
    $3,000 17
(Alex: [*] is right.)
(Kathryn: Whew.)
(Alex: Soft carbon.)

graphite

Kathryn
    $2,000 7
(Alex: And you've just moved into second place.)

the Trojan Horse

Greg
    $800 12
Selma

James
    $800 29
(James: What is the Baltic Gulf?)
(Kathryn: What is the Gulf of Bothnia?)

Gulf of Finland

KathrynJames
Triple Stumper
    $800 22
"4 Seasons of Loneliness"

Triple Stumper
    $800 2
dingo

James
    $1200 18
coke

Kathryn
    $1200 8
Artemis

James
    $1200 13
Libya

James
    $1200 24
Gulf of Alaska

Triple Stumper
    $1200 23
"Three Times a Lady"

Triple Stumper
    $1200 3
Canberra

James
    $1600 19
14

Kathryn
    $1600 9
Hermes

Greg
    $1600 14
Atlantic City

Greg
    $1600 25
(Kathryn: What is the Bay of... [Exhales deeply] No.)
(Alex: No?)
(Kathryn: Don't know.)
...
(Alex: We have less than a minute, James.)

Gulf of St. Lawrence

Kathryn
Triple Stumper
    $1600 26
(Greg: What are princes?)
(Alex: Be more specific.)
(Greg: Princes who adore you.)
(Alex: No.)
(Greg: What are princes who adore you?)
(Alex: No.)

"Two Princes"

Greg
Triple Stumper
    $1600 4
wallaby

Kathryn
    $2000 20
cyanide

Triple Stumper
    $2000 10
Oedipus

James
    $2000 15
(Jon) Krakauer

Kathryn
    $2000 30
(Greg: What is the Persian Gulf?)

Gulf of Oman

Greg
Triple Stumper
    $2000 27
(Alex: Yes, and if you were paying attention, you'd have noticed that the first correct response was "Five O'clock", the next one was "4 Seasons", then there were "Three Times a Lady", "Two Princes", and lastly, "One".)

"One Headlight"

Kathryn
    $2000 5
billabong

James

Scores at the end of the Double Jeopardy! Round:

Kathryn Greg James
$13,600 $6,000 $15,400

[wagering suggestions for these scores]

Final Jeopardy! Round responses

AUTHORS
GregWho is Gates?
$1,000
KathrynWho is Tom Clancy?
$13,599
JamesWho is J.K. Rowling?
$12,000
J.K. Rowling

Final scores:

Kathryn Greg James
$1 $5,000 $27,400
3rd place: $1,000 2nd place: $2,000 New champion: $27,400

Game dynamics:

Coryat scores:

Kathryn Greg James
$11,200 $4,800 $15,400
19 R
(including 2 DDs),
6 W
9 R
(including 1 DD),
2 W
20 R,
1 W

Combined Coryat: $31,400

[game clues] [game scores] [suggest correction]

Game tape date: 2018-11-07
The J! Archive is created by fans, for fans. Scraping, republication, monetization, and malicious use prohibited; this site may use cookies and collect identifying information. See terms. The Jeopardy! game show and all elements thereof, including but not limited to copyright and trademark thereto, are the property of Jeopardy Productions, Inc. and are protected under law. This website is not affiliated with, sponsored by, or operated by Jeopardy Productions, Inc. Join the discussion at JBoard.tv.